[Event "Weekend Accademia Inverno"]
[Site "Roma ITA"]
[Date "2011.02.12"]
[Round "3"]
[White "Angelastro, Ariel Francisco"]
[Black "Minikh, Edouard"]
[Result "0-1"]
[WhiteElo "1644"]
[BlackElo "1920"]
[PlyCount "76"]
[EventDate "2011.02.11"]

1. e4 d6 2. d4 c5 3. dxc5 Qa5+ 4. Nc3 Qxc5 5. Be3 Qc7 6. Nf3 a6 7. Be2 Nf6 8.
Qd2 b5 9. Nd5 Nxd5 10. Qxd5 Bb7 11. Qb3 Bxe4 12. Ng5 Bg6 13. a4 h6 14. Nf3 Bxc2
15. Qd5 Qc6 16. Qxc6+ Nxc6 17. axb5 Nb4 18. bxa6 Bd3 19. Bxd3 Nxd3+ 20. Kd2
Nxb2 21. Rhb1 Nc4+ 22. Ke2 Kd8 23. a7 Kc7 24. Ra4 Nxe3 25. fxe3 d5 26. Rb5 e6
27. Ra6 Bd6 28. Nd4 Rhc8 29. Rc6+ Kd7 30. Rb7+ Bc7 31. Ra6 Ke8 32. Nb5 Kd7 33.
Rd6+ Ke7 34. Rc6 Kd8 35. Rcxc7 g5 36. Rxc8+ Kxc8 37. Nd6+ Kd8 38. Rb8+ Kd7 0-1

[Event "Weekend Accademia Inverno"]
[Site "Roma ITA"]
[Date "2011.02.12"]
[Round "3"]
[White "Radatti, Michele"]
[Black "Ballarini, Martin"]
[Result "1-0"]
[WhiteElo "1446"]
[BlackElo "1831"]
[PlyCount "93"]
[EventDate "2011.02.11"]

1. d4 d6 2. e4 c5 3. dxc5 Qa5+ 4. Nc3 Qxc5 5. Be3 Qc7 6. Nf3 a6 7. Be2 Nf6 8.
Qd2 b5 9. Nd5 Nxd5 10. Qxd5 Bb7 11. Qb3 Bxe4 12. Ng5 Bg6 13. a4 h6 14. Nf3 Bxc2
15. Qd5 Qc6 16. Qxc6+ Nxc6 17. axb5 Nb4 18. bxa6 Bd3 19. Bxd3 Nxd3+ 20. Kd2
Nxb2 21. Rhb1 Nc4+ 22. Ke2 Kd8 23. a7 Kc7 24. Ra4 Nxe3 25. fxe3 d5 26. Rb5 e6
27. Ra6 Bd6 28. Nd4 Rhc8 29. Rc6+ Kd7 30. Rb7+ Bc7 31. Ra6 Ke8 32. Nb5 Kd7 33.
Rd6+ Ke7 34. Rc6 Kd8 35. Rcxc7 g5 36. Rxc8+ Kxc8 37. Nd6+ Kd8 38. Rb8+ Kd7 39.
Rxa8 Kxd6 40. Rh8 Ke5 41. a8=Q h5 42. Rxh5 f6 43. Kd3 Kf5 44. h3 Kg6 45. Qe8+
Kf5 46. g4+ Ke5 47. Qb8# 1-0

[Event "Weekend Accademia Inverno"]
[Site "Roma ITA"]
[Date "2011.02.12"]
[Round "3"]
[White "Di Carlo, Adriano"]
[Black "Gerlando, Onofrio"]
[Result "1-0"]
[WhiteElo "1765"]
[BlackElo "1620"]
[PlyCount "99"]
[EventDate "2011.02.11"]

1. e4 e5 2. Nf3 Nc6 3. d4 exd4 4. Bc4 h6 5. Nxd4 Nge7 6. Bf4 d6 7. c3 g6 8. Qf3
f5 9. Ne6 Bxe6 10. Bxe6 Bg7 11. Nd2 Ne5 12. Qe2 a6 13. O-O-O fxe4 14. Nxe4 Rf8
15. Bxe5 Bxe5 16. Nc5 Nc6 17. Bd5 Qg5+ 18. Kb1 dxc5 19. Bxc6+ bxc6 20. Rhe1 Rb8
21. g3 Qf5+ 22. Kc1 Rf7 23. Qxe5+ Qxe5 24. Rxe5+ Kf8 25. f4 c4 26. Re6 Kg7 27.
Rxc6 Re7 28. Rxc4 Rb7 29. Rd2 Re1+ 30. Kc2 Kf6 31. Rc6+ Kf5 32. Rxa6 g5 33.
fxg5 hxg5 34. b4 Kg4 35. a4 c5 36. b5 Rf7 37. Ra8 Rff1 38. Kb3 Re4 39. Rc8 Rb1+
40. Rb2 Ra1 41. b6 Rexa4 42. b7 c4+ 43. Rxc4+ Kh3 44. Rxa4 g4 45. Rg2 Rb1+ 46.
Rb2 Ra1 47. Rxg4 Ra4 48. Kxa4 Kxg4 49. b8=Q Kf3 50. Qf4# 1-0

[Event "Weekend Accademia Inverno"]
[Site "Roma ITA"]
[Date "2011.02.12"]
[Round "3"]
[White "Nazzarri, Errico"]
[Black "Petragnani, Gian Giacomo"]
[Result "0-1"]
[WhiteElo "1362"]
[BlackElo "1714"]
[PlyCount "110"]
[EventDate "2011.02.11"]

1. d4 g6 2. Nf3 Bg7 3. e4 d6 4. Nc3 a6 5. Bd3 b5 6. a3 Nd7 7. O-O c5 8. d5 c4
9. Be2 Nc5 10. Nd4 Nf6 11. Be3 Nfxe4 12. Bf3 Nxc3 13. bxc3 O-O 14. Qd2 e5 15.
Nc6 Qd7 16. Bxc5 dxc5 17. d6 Bb7 18. Ne7+ Kh8 19. Bxb7 Qxb7 20. Rad1 Rfd8 21.
Qd5 Qxd5 22. Rxd5 f6 23. Rfd1 Bf8 24. g4 Rd7 25. g5 Kg7 26. gxf6+ Kxf6 27. Ng8+
Kg7 28. Ne7 Bxe7 29. dxe7 Rxe7 30. Rxc5 Kf7 31. Re1 Kf6 32. Rc6+ Re6 33. Rxe6+
Kxe6 34. f4 Kf5 35. fxe5 Ra7 36. e6 Re7 37. Rf1+ Kxe6 38. Re1+ Kd6 39. Rxe7
Kxe7 40. Kf2 Kf6 41. Kg3 Kf5 42. Kf3 g5 43. h3 h5 44. Ke3 g4 45. hxg4+ hxg4 46.
Kf2 Kf4 47. Kg2 g3 48. Kg1 Kf3 49. Kf1 g2+ 50. Kg1 Ke2 51. Kxg2 Kd2 52. Kf3
Kxc2 53. Ke4 Kxc3 54. Kd5 Kb2 55. Kd4 c3 0-1

[Event "Weekend Accademia Inverno"]
[Site "Roma ITA"]
[Date "2011.02.12"]
[Round "3"]
[White "Pipitone, Filippo Massimo"]
[Black "Fargnoli, Maurizio"]
[Result "1-0"]
[WhiteElo "1568"]
[BlackElo "1709"]
[PlyCount "45"]
[EventDate "2011.02.11"]

1. d4 Nf6 2. Nf3 d5 3. e3 g6 4. Bd3 Bg7 5. O-O O-O 6. c4 c6 7. Nc3 Bg4 8. h3
Bxf3 9. Qxf3 e6 10. b3 Nbd7 11. Qd1 a6 12. Bb2 Rc8 13. Ne2 c5 14. Rc1 dxc4 15.
Bxc4 b5 16. Bd3 Nd5 17. Bb1 Qh4 18. Qd2 cxd4 19. Nxd4 Nc5 20. Ba3 b4 21. Bxb4
Nxb4 22. Qxb4 Ne4 23. Nf3 1-0

[Event "Weekend Accademia Inverno"]
[Site "Roma ITA"]
[Date "2011.02.12"]
[Round "3"]
[White "Baiocchi, Emanuele"]
[Black "Lami, Damiano"]
[Result "0-1"]
[WhiteElo "1530"]
[BlackElo "1670"]
[PlyCount "66"]
[EventDate "2011.02.11"]

1. e4 e5 2. Nf3 Nf6 3. Nc3 Bb4 4. d3 d6 5. Bd2 Nc6 6. a3 Bc5 7. Bg5 h6 8. Bh4
Bg4 9. Be2 Bxf3 10. Bxf3 Nd4 11. Nd5 g5 12. Nxf6+ Qxf6 13. Bg3 Nxf3+ 14. Qxf3
Qxf3 15. gxf3 f5 16. exf5 O-O-O 17. h4 Rhf8 18. hxg5 hxg5 19. Ke2 Rxf5 20. Raf1
Rdf8 21. Rh5 Rxf3 22. Rxg5 Kd7 23. Rg7+ R8f7 24. Rxf7+ Rxf7 25. Rh1 Ke6 26. f3
Rg7 27. Rh2 Rxg3 28. Rh6+ Kd7 29. Rh7+ Kc6 30. b4 Bd4 31. b5+ Kb6 32. c4 Rg2+
33. Kd1 Ra2 0-1

[Event "Weekend Accademia Inverno"]
[Site "Roma ITA"]
[Date "2011.02.12"]
[Round "3"]
[White "Piperno, Renato"]
[Black "Bizzarro, Sofia"]
[Result "0-1"]
[WhiteElo "1401"]
[BlackElo "1455"]
[PlyCount "70"]
[EventDate "2011.02.11"]

1. e4 c5 2. c3 Nf6 3. e5 Nd5 4. d4 cxd4 5. cxd4 Nc6 6. Nf3 e6 7. Be2 f6 8. O-O
b6 9. Nc3 Nxc3 10. bxc3 fxe5 11. Nxe5 Nxe5 12. dxe5 Bb7 13. Bf3 Rb8 14. Bxb7
Rxb7 15. Qf3 Rb8 16. Be3 Be7 17. Rfd1 Rc8 18. Rd3 Bc5 19. Bxc5 Rxc5 20. Qe2 O-O
21. Rh3 Qc7 22. Qe4 h6 23. Re1 Rxc3 24. Rxc3 Qxc3 25. h3 Qc5 26. Re2 a5 27. Rc2
Qb5 28. Qb7 Qb1+ 29. Kh2 Qxc2 30. Qxd7 Qf5 31. Qd6 Qf4+ 32. Kh1 Qxf2 33. Qxe6+
Kh8 34. Qd6 Qf4 35. Qd5 Rc8 0-1

[Event "Weekend Accademia Inverno"]
[Site "Roma ITA"]
[Date "2011.02.12"]
[Round "4"]
[White "Barletta, Antonio"]
[Black "Stirpe, Claudio"]
[Result "1-0"]
[WhiteElo "2010"]
[BlackElo "2004"]
[PlyCount "77"]
[EventDate "2011.02.11"]

1. e4 c5 2. d4 cxd4 3. c3 dxc3 4. Nxc3 Nc6 5. Nf3 d6 6. Bc4 Nf6 7. e5 dxe5 8.
Qxd8+ Kxd8 9. Ng5 e6 10. Nxf7+ Ke8 11. Nxh8 Bb4 12. O-O Ke7 13. Be3 Bd7 14. a3
Bd6 15. Ng6+ hxg6 16. Nb5 Rh8 17. Nxd6 Kxd6 18. Rfd1+ Nd5 19. b4 Rh4 20. Bc5+
Kc7 21. Bxd5 exd5 22. Rxd5 Be6 23. Rd2 b6 24. Be3 Bb3 25. Rc1 Ba4 26. Rd5 Kb8
27. Rd6 Nd4 28. Bxd4 exd4 29. g3 Re4 30. Rc4 Re1+ 31. Kg2 Ra1 32. Rcxd4 Rxa3
33. Rxg6 Kb7 34. Rxg7+ Ka6 35. h4 Bc6+ 36. Kh3 Ra1 37. f4 Bf3 38. g4 Ra3 39. h5
1-0

[Event "Weekend Accademia Inverno"]
[Site "Roma ITA"]
[Date "2011.02.12"]
[Round "4"]
[White "Pitrelli, Antonio"]
[Black "Vuelban, Virgilio"]
[Result "0-1"]
[WhiteElo "1937"]
[BlackElo "2362"]
[PlyCount "86"]
[EventDate "2011.02.11"]

1. d4 Nf6 2. c4 e6 3. g3 d5 4. Nf3 Be7 5. Bg2 O-O 6. O-O dxc4 7. Qc2 a6 8. Qxc4
b5 9. Qc2 Bb7 10. Bd2 Be4 11. Qc1 Nbd7 12. Ba5 Ra7 13. Nbd2 Bd5 14. Ne1 Qa8 15.
Nb3 Rc8 16. Nc5 Nxc5 17. dxc5 Bxg2 18. Nxg2 Qc6 19. b4 Qe4 20. Qe3 c6 21. Rfd1
Qxe3 22. Nxe3 Ne4 23. Rd3 f5 24. f3 Nf6 25. Rad1 Kf7 26. g4 g6 27. gxf5 gxf5
28. Kf2 Nd5 29. Ng2 f4 30. e4 fxe3+ 31. Nxe3 h5 32. Nxd5 exd5 33. Re3 Bf6 34.
f4 d4 35. Re4 Rd7 36. Kf3 Re8 37. Rxe8 Kxe8 38. Rd3 Kf7 39. a3 Kg6 40. Bb6 Kf5
41. Rd1 d3 42. Ke3 Bd4+ 43. Kxd3 Bxc5+ 0-1

[Event "Weekend Accademia Inverno"]
[Site "Roma ITA"]
[Date "2011.02.12"]
[Round "4"]
[White "Prudenzano, Ruggero"]
[Black "Tosi, Francesco"]
[Result "1/2-1/2"]
[WhiteElo "1954"]
[BlackElo "1841"]
[PlyCount "56"]
[EventDate "2011.02.11"]

1. d4 e6 2. c4 Bb4+ 3. Nc3 f5 4. e4 Bxc3+ 5. bxc3 fxe4 6. Qh5+ g6 7. Qe5 Qf6 8.
Qxe4 Ne7 9. Nf3 Nbc6 10. Bg5 Qf7 11. Bd3 d5 12. Qe2 Bd7 13. O-O O-O 14. Rab1 b6
15. Bh6 Rfe8 16. Ng5 Qf6 17. Nf3 dxc4 18. Bxc4 Nd5 19. Qd2 a6 20. Bd3 b5 21.
Rfe1 b4 22. cxb4 Nxd4 23. Ne5 Bb5 24. Bg5 Qg7 25. Ng4 Bxd3 26. Qxd3 c6 27. Bh6
Qa7 28. h4 Nf5 1/2-1/2

[Event "Weekend Accademia Inverno"]
[Site "Roma ITA"]
[Date "2011.02.12"]
[Round "4"]
[White "Petragnani, Gian Giacomo"]
[Black "Quimi, Marco"]
[Result "0-1"]
[WhiteElo "1714"]
[BlackElo "2114"]
[PlyCount "34"]
[EventDate "2011.02.11"]

1. Nf3 d5 2. g3 Bf5 3. Bg2 Nf6 4. O-O h6 5. d3 e6 6. Nbd2 Bc5 7. Qe1 O-O 8. e4
dxe4 9. dxe4 Bh7 10. Ne5 Nbd7 11. Nxd7 Qxd7 12. Nb3 Bb6 13. Be3 e5 14. Bxb6
axb6 15. Rd1 Qc6 16. Rd5 Nxd5 17. exd5 Qxc2 0-1

[Event "Weekend Accademia Inverno"]
[Site "Roma ITA"]
[Date "2011.02.12"]
[Round "4"]
[White "Minikh, Edouard"]
[Black "Di Carlo, Adriano"]
[Result "1-0"]
[WhiteElo "1920"]
[BlackElo "1765"]
[PlyCount "60"]
[EventDate "2011.02.11"]

1. d4 Nf6 2. c4 c5 3. d5 b5 4. cxb5 a6 5. Nc3 g6 6. e4 d6 7. Nf3 Nbd7 8. bxa6
Bxa6 9. Bxa6 Rxa6 10. O-O Bg7 11. Bg5 Qb6 12. Qe2 h6 13. Bh4 g5 14. Bg3 Nh5 15.
Rac1 O-O 16. Rc2 Nxg3 17. hxg3 Ra7 18. Nh2 Bd4 19. Qh5 Kg7 20. Ng4 Rh8 21. Nd1
Rxa2 22. Nde3 e6 23. Kh2 Ra7 24. f4 Nf6 25. Nxf6 Bxf6 26. f5 exd5 27. Nxd5 Qd8
28. Rd2 Re8 29. Qg4 Ra4 30. Re2 Qa8 1-0

[Event "Weekend Accademia Inverno"]
[Site "Roma ITA"]
[Date "2011.02.12"]
[Round "4"]
[White "Spano' Cuomo, Gaetano"]
[Black "Milani, Patrizia"]
[Result "1-0"]
[WhiteElo "1792"]
[BlackElo "1425"]
[PlyCount "74"]
[EventDate "2011.02.11"]

1. c4 c5 2. Nc3 Nc6 3. Nf3 e5 4. e4 Nf6 5. d3 Be7 6. Be2 d6 7. O-O Bg4 8. Ne1
Bxe2 9. Nxe2 Qd7 10. Nc2 b6 11. Ne3 g6 12. Nc3 O-O 13. Ned5 Nxd5 14. Nxd5 Bd8
15. Bh6 Qe6 16. Bxf8 Kxf8 17. f4 Ne7 18. f5 gxf5 19. Nxe7 Qxe7 20. Rxf5 f6 21.
Qg4 Qg7 22. Qxg7+ Kxg7 23. g4 h6 24. Kg2 Be7 25. Kg3 Rh8 26. Raf1 Rf8 27. h4
Kg6 28. g5 hxg5 29. hxg5 Kg7 30. gxf6+ Rxf6 31. Rxf6 Bxf6 32. a3 a5 33. b4 cxb4
34. axb4 Bd8 35. bxa5 bxa5 36. Kg4 Bf6 37. Rg1 Kf8 1-0

[Event "Weekend Accademia Inverno"]
[Site "Roma ITA"]
[Date "2011.02.12"]
[Round "4"]
[White "Lami, Damiano"]
[Black "Radatti, Michele"]
[Result "1-0"]
[WhiteElo "1670"]
[BlackElo "1446"]
[PlyCount "69"]
[EventDate "2011.02.11"]

1. e4 c5 2. c3 Nc6 3. d4 cxd4 4. cxd4 Nf6 5. Nc3 e6 6. e5 Nd5 7. Nxd5 exd5 8.
f4 d6 9. Nf3 Bg4 10. Be2 Be7 11. O-O dxe5 12. fxe5 O-O 13. Be3 f6 14. Qb3 Qd7
15. Rfe1 fxe5 16. dxe5 Kh8 17. Nd4 Nxe5 18. Bb5 Nc6 19. Qa4 Bh5 20. Nxc6 bxc6
21. Bxc6 Qc7 22. Bxa8 Rxa8 23. Rac1 Qd8 24. Qc6 Bf6 25. Rc5 d4 26. Rd5 Qf8 27.
Bxd4 Bxd4+ 28. Rxd4 Rc8 29. Qd6 Qg8 30. b3 h6 31. g4 Bf7 32. Re7 Rc1+ 33. Rd1
Rc8 34. Qd7 Bg6 35. Rxg7 1-0

[Event "Weekend Accademia Inverno"]
[Site "Roma ITA"]
[Date "2011.02.12"]
[Round "4"]
[White "Ballarini, Martin"]
[Black "Iandolo, Marco"]
[Result "0-1"]
[WhiteElo "1831"]
[BlackElo "1925"]
[PlyCount "83"]
[EventDate "2011.02.11"]

1. e4 d5 2. exd5 Nf6 3. c4 e6 4. dxe6 Bxe6 5. d3 Bc5 6. h3 Nc6 7. Nf3 Qd7 8.
Be2 O-O-O 9. a3 Bf5 10. b4 Be7 11. b5 Nd4 12. Nxd4 Qxd4 13. Ra2 Bxd3 14. Rd2
Bxe2 15. Qxe2 Qe4 16. Qxe4 Nxe4 17. Re2 Rhe8 18. O-O Bc5 19. Be3 Ng3 20. fxg3
Rxe3 21. Rxe3 Bxe3+ 22. Kh2 f6 23. a4 c6 24. Na3 Bc5 25. Nc2 Rd2 26. Na1 Rd3
27. h4 Rc3 28. Rf5 Bd6 29. Rf3 Rxc4 30. bxc6 bxc6 31. a5 Rxh4+ 32. Kg1 Bc5+ 33.
Rf2 Bxf2+ 34. Kxf2 Ra4 35. Nb3 Ra2+ 36. Kf1 Kc7 37. Nc5 Kd6 38. Nb3 Ra3 39. Nd2
Ra1+ 40. Ke2 Ra2 41. Kd3 Rxd2+ 42. Kxd2 0-1

[Event "Weekend Accademia Inverno"]
[Site "Roma ITA"]
[Date "2011.02.12"]
[Round "4"]
[White "Bizzarro, Sofia"]
[Black "Fargnoli, Maurizio"]
[Result "0-1"]
[WhiteElo "1455"]
[BlackElo "1709"]
[PlyCount "74"]
[EventDate "2011.02.11"]

1. e4 e5 2. Nf3 Nc6 3. Bc4 d6 4. d3 Be7 5. Be3 h6 6. h3 Nf6 7. Nc3 Na5 8. Nd2
c6 9. f4 b5 10. Bb3 Nxb3 11. Nxb3 exf4 12. Bxf4 b4 13. Ne2 g5 14. Be3 Qc7 15.
c3 d5 16. exd5 cxd5 17. Rc1 bxc3 18. Nxc3 Qg3+ 19. Bf2 Qxg2 20. Rf1 Bxh3 21.
Nd2 O-O 22. Qe2 Rfe8 23. Qd1 Bc5+ 24. Ne2 Bg4 25. Rxc5 Rxe2+ 26. Qxe2 Bxe2 27.
Kxe2 Re8+ 28. Kd1 Qg4+ 29. Kc1 Re2 30. Rc2 d4 31. b3 Nd5 32. Rc4 Qf4 33. Bxd4
Qxd2+ 34. Kb1 Qxd3+ 35. Ka1 Rxa2+ 36. Kxa2 Qxf1 37. Rc2 Nb4+ 0-1

[Event "Weekend Accademia Inverno"]
[Site "Roma ITA"]
[Date "2011.02.12"]
[Round "4"]
[White "Paragliola, Gennaro"]
[Black "Angelastro, Ariel Francisco"]
[Result "0-1"]
[WhiteElo "1603"]
[BlackElo "1644"]
[PlyCount "44"]
[EventDate "2011.02.11"]

1. d4 Nf6 2. c4 g6 3. Nc3 Bg7 4. e4 d6 5. f3 O-O 6. Be3 Na6 7. Qd2 c5 8. d5 Bd7
9. Bh6 Nc7 10. Bxg7 Kxg7 11. O-O-O a6 12. a4 Qe8 13. b3 b5 14. a5 bxc4 15. bxc4
Ba4 16. Re1 Rb8 17. Bd3 Rb4 18. Qa2 Bb3 19. Qe2 e5 20. Nh3 Qd8 21. Kd2 Bxc4 22.
Bxc4 Rb2+ 0-1

[Event "Weekend Accademia Inverno"]
[Site "Roma ITA"]
[Date "2011.02.12"]
[Round "4"]
[White "Gerlando, Onofrio"]
[Black "Baiocchi, Emanuele"]
[Result "0-1"]
[WhiteElo "1620"]
[BlackElo "1530"]
[PlyCount "114"]
[EventDate "2011.02.11"]

1. d4 d5 2. Nf3 Nf6 3. Bf4 Bf5 4. e3 e6 5. Nbd2 c6 6. a3 c5 7. Bb5+ Nc6 8. Ne5
Qb6 9. a4 a6 10. Bxc6+ bxc6 11. O-O cxd4 12. Nb3 dxe3 13. Bxe3 Qc7 14. f4 Bd6
15. Qd4 Bxe5 16. fxe5 Nd7 17. Bf4 Bxc2 18. Nc5 Qb6 19. b4 a5 20. Rfc1 Nxc5 21.
bxc5 Qb3 22. Qd2 Be4 23. Rc3 Qb4 24. Raa3 Kd7 25. Be3 Rhb8 26. Qf2 Bf5 27. h3
h6 28. Qg3 Bg6 29. h4 h5 30. Qf2 Qe4 31. Bf4 Rb1+ 32. Kh2 Rab8 33. Re3 R8b2 34.
Qg3 Qc4 35. Rec3 Qf1 36. Rc1 Rxc1 37. Bxc1 Qxc1 38. Rc3 Rc2 39. Rb3 Kc7 40. Re3
Rxc5 41. Qg5 Kd7 42. Kg3 d4 43. Rb3 Qxg5+ 44. hxg5 Rxe5 45. Kf4 Re4+ 46. Kf3
Re3+ 47. Rxe3 dxe3 48. Kxe3 Bc2 49. Kd4 Bxa4 50. g6 f6 51. Kc3 Bc2 52. Kd4 Bxg6
53. g3 Kd6 54. Kc3 Kd5 55. Kd2 a4 56. Kc1 a3 57. g4 hxg4 0-1

[Event "Weekend Accademia Inverno"]
[Site "Roma ITA"]
[Date "2011.02.12"]
[Round "4"]
[White "Squicciarini, Simone"]
[Black "Nazzarri, Errico"]
[Result "1-0"]
[WhiteElo "1605"]
[BlackElo "1362"]
[PlyCount "63"]
[EventDate "2011.02.11"]

1. d4 d5 2. Nf3 Nf6 3. g3 e6 4. Bg2 Be7 5. Nbd2 O-O 6. O-O Nbd7 7. c3 c5 8. Qc2
Re8 9. e4 dxe4 10. Nxe4 Nxe4 11. Qxe4 Nf8 12. Be3 cxd4 13. Bxd4 Bf6 14. Rad1
Bxd4 15. Rxd4 Qb6 16. Qc2 Bd7 17. Ne5 Rad8 18. Rfd1 Qb5 19. Nc4 Re7 20. Nd6 Qa6
21. Nxb7 e5 22. Rd6 Ba4 23. b3 Bxb3 24. axb3 Rxd6 25. Rxd6 Qa1+ 26. Rd1 Qa6 27.
Nc5 Qg6 28. Qxg6 Nxg6 29. Rd8+ Nf8 30. Bc6 Rc7 31. Nd7 g6 32. Nxf8 1-0

[Event "Weekend Accademia Inverno"]
[Site "Roma ITA"]
[Date "2011.02.13"]
[Round "5"]
[White "Vuelban, Virgilio"]
[Black "Barletta, Antonio"]
[Result "1-0"]
[WhiteElo "2362"]
[BlackElo "2010"]
[PlyCount "85"]
[EventDate "2011.02.11"]

1. e4 g6 2. d4 Bg7 3. Nc3 d6 4. h3 a6 5. a4 b6 6. Nf3 Bb7 7. Bd3 e6 8. Bg5 Ne7
9. Qd2 h6 10. Be3 Nd7 11. O-O g5 12. Nh2 e5 13. Ne2 Nf6 14. Ng3 Ng6 15. Nf5 O-O
16. d5 Bc8 17. c4 Bxf5 18. exf5 Ne7 19. Ng4 Nxg4 20. hxg4 a5 21. Be4 Rb8 22. g3
Bf6 23. Kg2 Kg7 24. Rh1 Ng8 25. f3 Qe8 26. Rh5 Qe7 27. Rah1 Rbe8 28. Kg1 Rb8
29. Qh2 Rfd8 30. Rxh6 Kf8 31. Rh7 Ke8 32. Qh5 Rd7 33. Kg2 Kd8 34. Bxg5 Bxg5 35.
Rg7 Nf6 36. Qxg5 Kc8 37. Rh6 Nxe4 38. Qxe7 Rxe7 39. Rh8+ Kb7 40. Rxb8+ Kxb8 41.
fxe4 Kc8 42. g5 Kd8 43. f6 1-0

[Event "Weekend Accademia Inverno"]
[Site "Roma ITA"]
[Date "2011.02.13"]
[Round "5"]
[White "Chiaretti, Roberto"]
[Black "Minikh, Edouard"]
[Result "1-0"]
[WhiteElo "2205"]
[BlackElo "1920"]
[PlyCount "65"]
[EventDate "2011.02.11"]

1. e4 e5 2. Nf3 Nc6 3. Bb5 Nge7 4. d4 exd4 5. c3 dxc3 6. Nxc3 Ng6 7. h4 Bb4 8.
h5 Nge7 9. h6 Rg8 10. Qb3 f6 11. O-O Bxc3 12. Qxc3 Ng6 13. Bc4 Kf8 14. Bxg8
Kxg8 15. hxg7 Kxg7 16. Be3 d6 17. b4 a6 18. a4 a5 19. b5 Nb4 20. Nd4 Bd7 21.
Rfd1 Rc8 22. Nb3 b6 23. Nd4 Qe8 24. Re1 Ne5 25. Rad1 Qh5 26. f3 Kf7 27. Qb3+
Kg7 28. Ne2 Kh8 29. Nf4 Qg5 30. Kf2 Rg8 31. Rh1 Be8 32. Rxh7+ Kxh7 33. Rh1+ 1-0

[Event "Weekend Accademia Inverno"]
[Site "Roma ITA"]
[Date "2011.02.13"]
[Round "5"]
[White "Quimi, Marco"]
[Black "Lami, Damiano"]
[Result "1-0"]
[WhiteElo "2114"]
[BlackElo "1670"]
[PlyCount "61"]
[EventDate "2011.02.11"]

1. e4 e5 2. Nf3 Nc6 3. Bb5 Nf6 4. d3 Ne7 5. O-O Ng6 6. Re1 Bc5 7. c3 c6 8. Ba4
O-O 9. Nxe5 Nxe5 10. d4 Bd6 11. dxe5 Bxe5 12. f4 Bb8 13. e5 Nd5 14. Bb3 Ne7 15.
Nd2 d5 16. Nf3 Bf5 17. Be3 Bc7 18. Qd2 Bb6 19. Kh1 Qc7 20. Rad1 Rad8 21. Qf2
Be4 22. Ng5 Bxe3 23. Qxe3 Bg6 24. Qxa7 h6 25. Nf3 Bh5 26. Qf2 Qc8 27. h3 Bg6
28. Nh4 Be4 29. Kh2 Ng6 30. Nxg6 fxg6 31. Rxe4 1-0

[Event "Weekend Accademia Inverno"]
[Site "Roma ITA"]
[Date "2011.02.13"]
[Round "5"]
[White "Stirpe, Claudio"]
[Black "Prudenzano, Ruggero"]
[Result "1-0"]
[WhiteElo "2004"]
[BlackElo "1954"]
[PlyCount "87"]
[EventDate "2011.02.11"]

1. d4 Nf6 2. c4 c5 3. d5 b5 4. cxb5 a6 5. e3 d6 6. Nc3 g6 7. Bc4 Bg7 8. Nge2
O-O 9. O-O axb5 10. Bxb5 Ba6 11. a4 Bxb5 12. Nxb5 Na6 13. Nec3 Nb4 14. e4 Qb6
15. Be3 h5 16. h3 Rfb8 17. f4 Nd7 18. Qd2 Bd4 19. Rad1 Bg7 20. Qf2 Rf8 21. g4
hxg4 22. hxg4 f5 23. exf5 gxf5 24. g5 Kf7 25. Qe2 Rh8 26. Bf2 Nf8 27. Rfe1 Qb7
28. Qd2 Rh3 29. Re3 Rxe3 30. Qxe3 Qd7 31. Qe2 Ng6 32. Bg3 Rh8 33. Re1 Nf8 34.
Kg2 e6 35. Rd1 Bxc3 36. dxe6+ Qxe6 37. Qxe6+ Nxe6 38. bxc3 Nc2 39. Nxd6+ Kg6
40. Nc4 Nxg5 41. fxg5 Kxg5 42. Rc1 Ne3+ 43. Nxe3 f4 44. Bf2 1-0

[Event "Weekend Accademia Inverno"]
[Site "Roma ITA"]
[Date "2011.02.13"]
[Round "5"]
[White "Tosi, Francesco"]
[Black "Spano' Cuomo, Gaetano"]
[Result "1-0"]
[WhiteElo "1841"]
[BlackElo "1792"]
[PlyCount "69"]
[EventDate "2011.02.11"]

1. Nf3 d5 2. d4 Bf5 3. c4 e6 4. Nc3 Nf6 5. Bg5 Be7 6. Qb3 dxc4 7. Qxb7 Nbd7 8.
e3 Qb8 9. Qxb8+ Rxb8 10. Bxc4 Rxb2 11. O-O Rb8 12. Nd2 h6 13. Bf4 O-O 14. e4
Bg6 15. f3 Ne8 16. Rab1 Nd6 17. Bb3 c5 18. d5 e5 19. Bg3 f6 20. Bf2 Rfc8 21.
Nc4 Nb6 22. Nxd6 Bxd6 23. Nb5 Bf8 24. Nxa7 Re8 25. Nc6 Rbc8 26. Rbc1 Nd7 27. a4
Bf7 28. Bc4 Ra8 29. Bb5 Bd6 30. Rfd1 Rec8 31. a5 Nb8 32. Bxc5 Bxc5+ 33. Rxc5
Kf8 34. Nxb8 Rxc5 35. Nd7+ 1-0

[Event "Weekend Accademia Inverno"]
[Site "Roma ITA"]
[Date "2011.02.13"]
[Round "5"]
[White "Di Carlo, Adriano"]
[Black "Pitrelli, Antonio"]
[Result "0-1"]
[WhiteElo "1765"]
[BlackElo "1937"]
[PlyCount "96"]
[EventDate "2011.02.11"]

1. e4 e6 2. d4 d5 3. exd5 exd5 4. c4 Nf6 5. Nf3 dxc4 6. Bxc4 Bd6 7. O-O O-O 8.
Be3 Nc6 9. Nc3 a6 10. Re1 Bg4 11. h3 Bh5 12. Be2 h6 13. a3 Bg6 14. Qd2 Qd7 15.
Bc4 Rad8 16. Rad1 Rfe8 17. Qc1 Qc8 18. Nh4 Ne7 19. Nxg6 Nxg6 20. Qc2 Kf8 21. b4
Nf4 22. Bf1 Qd7 23. Qd2 Qf5 24. Rb1 N6d5 25. Nxd5 Nxd5 26. b5 Bxa3 27. bxa6
bxa6 28. Qa5 Bd6 29. Bd2 Rxe1 30. Rxe1 Ne7 31. Qxa6 Ng6 32. Qb7 Kg8 33. Qb3 Nf8
34. Bd3 Qf6 35. Qc4 Ne6 36. Bc3 Qf4 37. Be4 Qh2+ 38. Kf1 Nf4 39. g3 Nxh3 40.
Bg2 Qg1+ 41. Ke2 Qxf2+ 42. Kd1 Qxg2 43. d5 Nf2+ 44. Kc1 Rb8 45. Qd4 Ba3+ 46.
Kc2 Ne4+ 47. Kd3 Nxc3 48. Qxc3 Qxd5+ 0-1

[Event "Weekend Accademia Inverno"]
[Site "Roma ITA"]
[Date "2011.02.13"]
[Round "5"]
[White "Fargnoli, Maurizio"]
[Black "Baiocchi, Emanuele"]
[Result "1-0"]
[WhiteElo "1709"]
[BlackElo "1530"]
[PlyCount "91"]
[EventDate "2011.02.11"]

1. c4 e5 2. Nc3 Nf6 3. d3 Nc6 4. g3 d6 5. Bg2 Be7 6. e3 Bf5 7. Nge2 O-O 8. O-O
Qd7 9. Re1 Bh3 10. Bh1 Rfe8 11. e4 Bg4 12. f3 Bh5 13. Be3 h6 14. Qd2 Nh7 15.
Nd5 Bg5 16. f4 exf4 17. Nexf4 Bxf4 18. Bxf4 Nd4 19. Bxh6 gxh6 20. Qxh6 Bg6 21.
Qxh7+ Bxh7 22. Nf6+ Kg7 23. Nxd7 Nc2 24. Rf1 Nxa1 25. Nf6 Re7 26. Nxh7 Kxh7 27.
Rxa1 Rf8 28. Rf1 Kg6 29. d4 c5 30. dxc5 dxc5 31. Kf2 Rd8 32. Ke3 Rd6 33. Rf5 b6
34. Bf3 Red7 35. Rd5 Rxd5 36. cxd5 Kf6 37. Kf4 a6 38. h4 b5 39. e5+ Kg6 40. g4
b4 41. b3 a5 42. Be4+ Kg7 43. Kf5 a4 44. d6 axb3 45. axb3 Ra7 46. Bd5 1-0

[Event "Weekend Accademia Inverno"]
[Site "Roma ITA"]
[Date "2011.02.13"]
[Round "5"]
[White "Angelastro, Ariel Francisco"]
[Black "Radatti, Michele"]
[Result "1-0"]
[WhiteElo "1644"]
[BlackElo "1446"]
[PlyCount "52"]
[EventDate "2011.02.11"]

1. d4 Nf6 2. c4 g6 3. Nc3 d5 4. Nf3 c6 5. e3 Bg4 6. h3 Bxf3 7. Qxf3 Bg7 8. Bd3
O-O 9. O-O Nbd7 10. Bd2 e5 11. cxd5 cxd5 12. Nxd5 e4 13. Nxf6+ Nxf6 14. Bxe4
Nxe4 15. Qxe4 Re8 16. Qd3 Qd7 17. Rac1 Re5 18. e4 Rae8 19. f3 Rh5 20. Bc3 Bh6
21. d5 Bxc1 22. Qd4 Rhe5 23. Rxc1 g5 24. Rf1 f6 25. f4 Rxe4 26. Qxf6 Qg7 1-0

[Event "Weekend Accademia Inverno"]
[Site "Roma ITA"]
[Date "2011.02.13"]
[Round "5"]
[White "Milani, Patrizia"]
[Black "Di Giulio, Michele"]
[Result "0-1"]
[WhiteElo "1425"]
[BlackElo "1657"]
[PlyCount "84"]
[EventDate "2011.02.11"]

1. e4 e5 2. Nf3 Nf6 3. d3 d6 4. Nc3 Be7 5. Be2 O-O 6. Bd2 b6 7. Qc1 Bb7 8. Bg5
Nbd7 9. Qd2 Re8 10. O-O-O Nf8 11. h3 Ne6 12. Bxf6 Bxf6 13. Kb1 Nf4 14. g3 Nxe2
15. Qxe2 Qe7 16. h4 Rad8 17. g4 g6 18. g5 Bh8 19. h5 d5 20. Rh2 dxe4 21. Nxe4
Qb4 22. Rdh1 Bxe4 23. dxe4 Re7 24. c3 Qa4 25. hxg6 fxg6 26. Qc2 Qxc2+ 27. Kxc2
Red7 28. Rh3 Rf8 29. R1h2 Rf4 30. Nd2 Rg4 31. Nf3 Rxe4 32. Nh4 Re2+ 33. Kb3 Bg7
34. Nf3 Bf8 35. Nh4 Rf7 36. Nf3 Rf5 37. Rxh7 Rxf2 38. Rh8+ Kf7 39. R8h7+ Ke8
40. Rxc7 Rxh2 41. Rc8+ Ke7 42. Rc7+ Kd6 0-1